Poise: How to attain it (Record no. 1674)

MARC details
000 -LEADER
fixed length control field 00448nam a2200169Ia 4500
008 - FIXED-LENGTH DATA ELEMENTS--GENERAL INFORMATION
fixed length control field 230917s9999||||xx |||||||||||||| ||und||
020 ## - ISBN
Price RS 499.00
040 ## - CATALOGING SOURCE
-- 5011379
Original cataloging agency VIVEKANANDA LIBRARY
041 ## - Language
-- English
082 ## - DDC NUMBER
Classification number 174 S28P
100 ## - MAIN ENTRY--PERSONAL NAME
Personal name Starke, D
245 #0 - TITLE STATEMENT
Title Poise: How to attain it
260 ## - PUBLICATION, DISTRIBUTION, ETC. (IMPRINT)
Place of publication, distribution, etc New Delhi
Name of publisher, distributor, etc Psycho Information Technologies
Date of publication, distribution, etc 2018
300 ## - PHYSICAL DESCRIPTION
Pages 122 p.
500 ## - GENERAL NOTE
General note 4011 03/02/2020 FP20/599 10/02/2020 Main Budget
942 ## - ADDED ENTRY ELEMENTS (KOHA)
Koha item type Books
Holdings
Withdrawn status Lost status Damaged status Not for loan Location (home branch) Sublocation or collection (holding branch) Date acquired Koha issues (times borrowed) Koha full call number Accession No. Koha date last seen Koha item type
        VIVEKANANDA LIBRARY VIVEKANANDA LIBRARY 28/02/2020   174 S28P 396565 17/09/2023 Books
© Designed and Maintained by Vivekananda Library, MDU Rohtak